| 000 | 00592cam a22001451 4500 | ||
|---|---|---|---|
| 082 |
_a810 _bSAH |
||
| 100 | 1 |
_aPickering, Ernest D. _945935 |
|
| 245 | 1 | 2 |
_aA brief survey of English literature from its beginnings to the present day, _bwith chapters on the Irish literary movement and American literature, _cby Ernest Pickering ... |
| 260 |
_aLondon [etc.] _bG. G. Harrap & company ltd. _c[1964] |
||
| 300 |
_a254 p. _bfront. (port.) _c19 cm. |
||
| 526 |
_a0 _b0 _c0 _d810_000000000000000_SAH |
||
| 650 | 0 |
_aEnglish literature _xHistory and criticism. _95044 |
|
| 650 | 0 |
_aMCE _9379 |
|
| 942 |
_2ddc _cBK |
||
| 999 |
_c549327 _d549327 |
||